Orígenes históricos del APRA
Guardat en:
| Autor principal: | |
|---|---|
| Format: | Llibre |
| Idioma: | espanyol |
| Publicat: |
Santiago
Nuestramérica
1985
|
| Col·lecció: | Colección Tierradentro
|
| Matèries: | |
| Etiquetes: |
Afegir etiqueta
Sense etiquetes, Sigues el primer a etiquetar aquest registre!
|
MARC
| LEADER | 00000nam a2200000 a 4500 | ||
|---|---|---|---|
| 001 | UCS3016 | ||
| 003 | CL-VaPUC | ||
| 008 | 970611e19850000CL |||||||||||||||||spa|d | ||
| 082 | 0 | 4 | |a 324.2 |b JEF |2 21 |
| 100 | |a Jeffs Castro, Leonardo |e author |9 621311 | ||
| 245 | 1 | 0 | |a Orígenes históricos del APRA |
| 300 | |a 66 p | ||
| 942 | |c BK | ||
| 945 | |d 19970611 00:00:00 |a amoreno | ||
| 260 | |a Santiago |b Nuestramérica |c 1985 | ||
| 600 | 0 | 7 | |a APRA |2 CL-VaPUC |9 388976 |
| 650 | 0 | |a Relaciones Internacionales |9 255740 | |
| 650 | 0 | |a Partidos políticos |9 254999 | |
| 650 | 7 | |a REFORMAS |2 CL-VaPUC |9 256195 | |
| 650 | 0 | |a Anarquismo |9 269177 | |
| 650 | 0 | |a Revoluciones |9 255713 | |
| 650 | 0 | |a Antiimperialismo |9 388978 | |
| 651 | 0 | |a Perú |9 256567 | |
| 651 | 0 | |a México |9 255269 | |
| 651 | 0 | |a China |9 257545 | |
| 651 | 0 | |a Rusia |9 256106 | |
| 651 | 0 | |a América Latina |9 255027 | |
| 583 | |a last modification |c 19970611 00:00:00 |k Rodrigo Vera | ||
| 490 | 0 | |a Colección Tierradentro | |
| 999 | |c 260883 |d 260881 | ||
| 952 | |0 0 |1 0 |4 0 |6 324_200000000000000_JEF_1985 |7 0 |8 A |9 287503 |a BIBHIS |b BIBHIS |d 2019-11-19 |i 3310744 |o 324.2 JEF 1985 |p 3310744 |r 2025-01-20 |w 2019-11-19 |y BK |k HIS | ||